Engineering design with Natural rubber (Record no. 43636)

MARC details
000 -LEADER
fixed length control field 00298nam a2200121Ia 4500
082 ## - DEWEY DECIMAL CLASSIFICATION NUMBER
Classification number NR:62:678.06
Item number ENG
245 #0 - TITLE STATEMENT
Title Engineering design with Natural rubber
250 ## - EDITION STATEMENT
Edition statement Ed.5
260 ## - PUBLICATION, DISTRIBUTION, ETC. (IMPRINT)
Place of publication UK
Name of publisher MRRDB
650 ## - SUBJECT ADDED ENTRY--TOPICAL TERM
Topical Term Rubber engineering
942 ## - ADDED ENTRY ELEMENTS (KOHA)
Koha item type Books
Holdings
Withdrawn status Lost status Damaged status Not for loan Home library Current library Date acquired Source of acquisition Full call number Accession Number Koha item type
      Write off RRII Library RRII Library 16/12/2021 Gift NR:62:678.06 ENG G00388 Books